000 00407nam a22001697a 4500
003 MACL
005 20160115154736.0
008 160115b xxu||||| |||| 00| 0 eng d
040 _cMACL
041 _aEnglish
082 _a658/VAJ
100 _aVajpayee S. B.
_932652
245 _aAdvertising Management
260 _aJaipur
_bAadi Publications
_c2010
650 _aManagement
_932653
942 _2ddc
_cBK
999 _c52483
_d52483